Obras de Rodrigo Facio Estudio sobre economía costarricense
Salvato in:
| Autore principale: | |
|---|---|
| Natura: | Sconosciuto |
| Lingua: | Spanish |
| Pubblicazione: |
San José, Costa Rica
Editorial Costa Rica
1975
|
| Edizione: | 2 edición |
| Soggetti: | |
| Tags: |
Aggiungi Tag
Nessun Tag, puoi essere il primo ad aggiungerne!!
|
MARC
| LEADER | 000000000a22000000004500 | ||
|---|---|---|---|
| 001 | 002133 | ||
| 003 | CIICLA | ||
| 005 | 20180125140004.0 | ||
| 008 | 180125b xxu||||| |||| 00| 0 spa d | ||
| 040 | |c CIICLA | ||
| 041 | 0 | |a español | |
| 092 | 0 | |a 330.972.86 F139-o2 | |
| 100 | 1 | |a Facio Brenes, Rodrigo |d 1917-1961 | |
| 245 | 1 | 0 | |a Obras de Rodrigo Facio |b Estudio sobre economía costarricense |
| 250 | |a 2 edición | ||
| 260 | |a San José, Costa Rica |b Editorial Costa Rica |c 1975 | ||
| 300 | |a volúmenes |b retratos | ||
| 500 | |a Donación Ávaro Qusada (libro con número de inscripción (01483) | ||
| 650 | 4 | |a COSTA RICA | |
| 650 | 4 | |a ECONOMIA COSTARRICENSE | |
| 650 | 4 | |a ENSAYO | |
| 650 | 4 | |a HISTORIA | |
| 942 | |2 ddc |c BK | ||
| 999 | |c 3002 |d 3002 | ||
